[Event "CZE-chT2D 1415"]
[Site "Czech Republic"]
[Date "2014.11.02"]
[Round "1.5"]
[White "Kosek, Jiri"]
[Black "Dolezel, Jaromir"]
[Result "0-1"]
[WhiteElo "2070"]
[BlackElo "2042"]
[PlyCount "92"]
[EventDate "2014.11.02"]
[EventType "team-tourn"]
[EventRounds "11"]
[EventCountry "CZE"]
[SourceTitle "EXT 2022"]
[Source "ChessBase"]
[SourceDate "2021.10.06"]
[SourceVersion "1"]
[SourceVersionDate "2021.10.06"]
[SourceQuality "1"]
[WhiteTeam "Vysoke Myto"]
[BlackTeam "Zabreh"]
[WhiteTeamCountry "CZE"]
[BlackTeamCountry "CZE"]

1. d4 Nf6 2. Nf3 g6 3. g3 Bg7 4. Bg2 d6 5. c4 0-0 6. 0-0 Nc6 7. d5 Na5 8. Na3 c5 9. Re1 a6 10. e4 Ng4 11. Qe2 Rb8 12. Bd2 b5 13. Bc3 Nxc4 14. Bxg7 Kxg7 15. Nxc4 bxc4 16. Qxc4 Qa5 17. b3 Bd7 18. Qc2 Qb4 19. Rac1 a5 20. Bf1 a4 21. Bc4 Ra8 22. e5 axb3 23. Bxb3 Nh6 24. Qb2 Kg8 25. Rc4 Qb7 26. Qd2 Kg7 27. Rce4 Bg4 28. Nh4 Bf5 29. R4e2 Rfc8 30. Qc3 Qb4 31. Qe3 Rab8 32. Bc2 Bxc2 33. Rxc2 Ng4 34. Qe4 Nxe5 35. f4 Nd3 36. Ree2 Qxe4 37. Rxe4 Rb1+ 38. Kg2 Ne1+ 39. Rxe1 Rxe1 40. Nf3 Rd1 41. Nd2 c4 42. Ne4 Rxd5 43. Nc3 Rd3 44. Kf2 d5 45. Ke2 Rc6 46. Nb5 d4 0-1